| 000 | 00656nam a2200229Ia 4500 | ||
|---|---|---|---|
| 003 | OSt | ||
| 005 | 20221007072859.0 | ||
| 006 | a|||||r|||| 00| 0 | ||
| 007 | ta | ||
| 008 | 221006b |||||||| |||| 00| 0 eng d | ||
| 024 | _a9,121 | ||
| 037 | _cReference Collections | ||
| 040 |
_aFLL _cFLL _beng |
||
| 041 |
_2eng _aeng |
||
| 082 | _aZ5,2675, N8 | ||
| 100 |
_aDavies Isabel M. Ed. _9691565 |
||
| 245 | 0 | _aEuropean trade mark litigation handbook | |
| 260 |
_aLondon _bSweet and Maxwell London _c1998 |
||
| 300 |
_alix,860p _ccm. |
||
| 942 |
_hZ5,2675, N8 _cREF _2CC |
||
| 999 |
_c1147173 _d1147173 |
||